Vista normal
Vista MARC
Entrada Materia (tema)
Número de registros utilizados en: 1
001 - CONTROL NUMBER
- control field: 189264
003 - CONTROL NUMBER IDENTIFIER
- control field: Co-BoUCM
005 - DATE AND TIME OF LATEST TRANSACTION
- control field: 20260514153520.0
008 - FIXED-LENGTH DATA ELEMENTS
- fixed length control field: 260514|| aca||aabn | a|a d
040 ## - CATALOGING SOURCE
- Original cataloging agency: Co-BoUCM
- Transcribing agency: Co-BoUCM
150 ## - HEADING--TOPICAL TERM
- Topical term or geographic name as entry element: Sitios sagrados
- Geographic subdivision: Cundinamarca
670 ## - SOURCE DATA FOUND
- Source citation: Work cat.: (Co-BoUCM)326407: Satizábal Escobar, Jorge Hernando 189262, Guasca-Siecha y Guatavita. Territorio sagrado muisca :, 2025